00623nam a2200181 a 45000010005000000030005000050050017000100080041000270400020000681000030000882450090001182600037002083000020002456500039002659420013003049990015003179520109003325857CDMR20130425174201.0130220s2005||||||||||||||||||||||||||||d aCDMRbcatcCDMR1 aGonzález, Gustavo9288210aDiario de un paparazzib: el otro lado de la prensa del corazóncGustavo González aBarcelonabPlaza & Janésc2005 a328 p. ;c23 cm0493099aSensacionalisme en la premsa cMON2udc c5857d5857 00104070aCDMRbCDMRd2013-02-20l1m1oBk /27pCDMR131083015r2013-11-22s2013-11-22w2013-02-20yMON